000 01122nac a22002651u 4500
010 _a 85023108
020 _a0070380015 (pbk.) :
020 _a0070991308
020 _a0070495291
082 0 0 _a005.7/3
_bL7671
090 _c424
_d424
100 _aLipschutz, Seymour.
245 1 0 _aSchaum's outline of theory and problems of data structures /
_cSeymour Lipschutz.
260 _aNew York :
_bMcGraw-Hill,
_cc1986.
300 _a344 p. :
_bill. ;
_c28 cm.
440 0 _aSchaum's outline series.
500 _aIncludes index.
650 0 _aData structures (Computer science)
740 0 _aData structures.
740 0 _aTheory and problems of data structures.
942 _cBB
_k005.73L7671
999 _c424
_d424